000
00314nam a22001457a 4500
008
221028b ||||| |||| 00| 0 eng d
020
_a
9781412961158
041
_a
eng
080
_2
4VOLUME
_a
61
082
_a
61 MICH
100
_a
8
101
_a
INF
245
_a
SPORT MEDICINE
_c
MICHELI L
942
_2
udc
_c
BK
999
_c
58680
_d
58680